Les villes d'Europe - Statistiques

Statistiques générales
  • Ce quiz a été pris 184 fois
  • Le résultat moyen est 8 sur 12
Statistiques - réponses
Par images Réponse % Correct
Paris
100%
Rome
99%
Londres
94%
Pise
94%
Athenes
86%
Berlin
85%
Bruxelles
75%
Barcelone
60%
Geneve
56%
Vienne
50%
Bilbao
23%
Munich
16%
Aucun quiz correspondant
Distribution des résultats
% des personnes avec chaque résultat
Percentile par nombre de réponses
Votre historique - résultats
Vous n’avez pas pris ce quiz